000
00213nam a22000857a 4500
008
160718b xxu||||| |||| 00| 0 eng d
100
_9
3039
_a
Carroll L
245
_a
Alice in Wonderland
260
_a
New York
_b
Baronet Book
999
_c
2602
_d
2602